Normal view
MARC view
Entry Personal Name
001 - CONTROL NUMBER
- control field: 30346
003 - CONTROL NUMBER IDENTIFIER
- control field: dpl
005 - DATE AND TIME OF LATEST TRANSACTION
- control field: 20110728152854.0
008 - FIXED-LENGTH DATA ELEMENTS
- fixed length control field: 110728|||a|||||| | ||| d
040 ## - CATALOGING SOURCE
- Original cataloging agency: dpl
- Transcribing agency: dpl
100 ## - HEADING--PERSONAL NAME
- Personal name: Burnett, Carol
- Fuller form of name: (Carol A.),
- Dates associated with a name: 1947-
670 ## - SOURCE DATA FOUND
- Source citation: Work cat.: (dpl)35271: Scannell, Edward E. 30340, Big book of brain-building games :, 2010.
670 ## - SOURCE DATA FOUND
- Source citation: Work cat.: (dpl)35271: Scannell, Edward E. 30340, Big book of brain-building games :, 2010.
